000 00698nam a2200217Ia 4500
003 OSt
005 20221005112124.0
006 a|||||r|||| 00| 0
007 ta
008 221004b |||||||| |||| 00| 0 pan d
024 _a27714
037 _cTextual
040 _aCRL
_cCRL
_bpan
041 _2pan
_apan
082 _aY74436:351x, 153K2
100 _aਦਲੇਰ, ਅਵਤਾਰ ਸਿੰਘ
245 0 _aਧਰਤੀ ਦੇ ਗੀਤ
260 _aਅਮ੍ਰਿਤਸਰ
_bਲੋਕ ਸਾਹਿਤ ਪ੍ਰਕਾFਨ ਭਾਰਤ
_c1962
942 _hY74436:351x, 153K2
_cTEXL
_2cc
999 _c1023885
_d1023885